Music Quiz

Random Music or Song Quiz

Song Titles Not In The Lyrics Quiz Stats

 Plays Quiz Updated Sep 9, 2014

Challenge
Share
Tweet
Embed
Score 0/25 Timer 07:00
0 Plays Today
% Correct
Smells Like Teen Spirit
89.1%
The Ballad of John and Yoko
87.5%
Immigrant Song
85.9%
Baba O'Riley
84.3%
Elderly Woman Behind the Counter in a Small Town
83.3%
Song 2
82%
Unchained Melody
81.1%
Rainy Day Women #12 & 35
80.2%
Tubthumping
77.1%
Space Oddity
76.6%
Enter Sandman
76.3%
Basket Case
75.3%
Sympathy for the Devil
75.1%
% Correct
How to Disappear Completely
74.3%
A Day in the Life
73.5%
Interstate Love Song
72.7%
Empire State of Mind
71.4%
Viva La Vida
65.7%
Iris
63.7%
Hair of the Dog
62.4%
Thong Song
61.9%
The Spirit of Radio
56.8%
Roadhouse Blues
54.7%
Maggie May
46.4%
Train in Vain
42%

You're not logged in!

Compare scores with friends on all Sporcle quizzes.
OR
Log In

You Might Also Like...

Show Comments

Extras

Top Quizzes Today


Score Distribution

Your Account Isn't Verified!

In order to create a playlist on Sporcle, you need to verify the email address you used during registration. Go to your Sporcle Settings to finish the process.

Report this User

Report this user for behavior that violates our Community Guidelines.

Details: